الأساليب والوسائل التربوية / (Record no. 14287)
[ view plain ]
| 000 -الفاتح | |
|---|---|
| حقل البيانات ثابتة الطول | 00983nam a22001937a 4500 |
| 008 - عناصر البيانات ثابتة الطول - معلومات عامة | |
| حقل البيانات ثابتة الطول | 100629t1997 xxu||||| |||| 00| 0 ara d |
| 082 ## - رقم تصنيف ديوى العشرى | |
| رقم الطبعة | 22 |
| رقم المادة | م ط و |
| رقم التصنيف | 212 |
| 100 1# - المدخل الرئيسى - إسم شخصى | |
| 9 (RLIN) | 15439 |
| الإسم الشخصى | المطوع، نسيبة عبد العزيز العلي |
| 245 ## - بيان العنوان | |
| العنوان | الأساليب والوسائل التربوية / |
| بقية العنوان | أ- الأساليب التربوية في القرآن والسنة / |
| بيان المسئوليه,etc | نسيبة عبد العزيز العلي المطوع. |
| 250 ## - بيان الطبعة | |
| بيان الطبعة | ط 2. |
| 260 ## - PUBLICATION, DISTRIBUTION, ETC. (IMPRINT) | |
| مكان الناشر او الموزع | [د. ت] : |
| اسم الناشر او الموزع | [د. ن] ، |
| تاريخ النشر أو التوزيع | 1997. |
| 300 ## - الوصف المادى | |
| التعداد | 253 ص : |
| أبعاد الوعاء | 24 سم . |
| 490 ## - بيان السلسلة | |
| -- | 15440 |
| عنوان السلسلة | رؤية لمنهج تربوي اجتماعي ثقافي إسلامي |
| -- | ؛ 4 |
| 541 ## - تبصرة المصدر المباشر للتزويد | |
| مصدر التزويد | ألف باء ؛ |
| طريقة التزويد | شراء ؛ |
| 650 ## - المدخل الاضافى بالموضوع-مصطلح موضوعى | |
| 9 (RLIN) | 15431 |
| مصطلح موضوعي أو اسم جغرافي كعنصر مدخل | التعليم - البحوث التربوية |
| 650 ## - المدخل الاضافى بالموضوع-مصطلح موضوعى | |
| 9 (RLIN) | 26789 |
| مصطلح موضوعي أو اسم جغرافي كعنصر مدخل | التربية الإسلامية |
| 942 ## - عناصر المدخل الإضافي( كوها) | |
| مصدر التصنيف او مخطط الترفيف | Dewey Decimal Classification |
| Koha [default] item type | Book - Borrowing |
| حالة التراجع | حالة الفقد | مصدر التصنيف او خطة الترفيف | حالة تلف | ليس للاعارة | مجموعات كوها | المكان الدائم | المكان الحالي | موقع الترفيف | تاريخ الاكتساب | Source of acquisition | رقم الاستدعاء | الباركود | Date last seen | مُعار | نوع الوعاء |
|---|---|---|---|---|---|---|---|---|---|---|---|---|---|---|---|
| Dewey Decimal Classification | Alef-Baa | Central Library | Central Library | Lower Floor | 29/06/2010 | 212 م ط و | 000021134 | 15/07/2025 | 04/02/2019 | Book - Borrowing |